Normal view
MARC view
Entry Topical Term
001 - CONTROL NUMBER
- control field: 51508
003 - CONTROL NUMBER IDENTIFIER
- control field: ARRUPE
005 - DATE AND TIME OF LATEST TRANSACTION
- control field: 20220510091617.0
008 - FIXED-LENGTH DATA ELEMENTS
- fixed length control field: 220510|| aca||aabn | a|a d
040 ## - CATALOGING SOURCE
- Original cataloging agency: ARRUPE
- Transcribing agency: ARRUPE
150 ## - HEADING--TOPICAL TERM
- Topical term or geographic name as entry element: Tribes
- Geographic subdivision: Africa, East
670 ## - SOURCE DATA FOUND
- Source citation: Work cat.: (ARRUPE)131389: Richards, Audrey I. (Audrey Isabel), 1899-1984. 38562, The multicultural states of East Africa,, 1969.